000 005340000a22001810004500
003 MACL
005 20160423170336.0
008 160423b xxu||||| |||| 00| 0 eng d
040 _aMACL
_cMACL
041 _aHindi
082 _a800
100 _aराजेश जोशी
_943097
245 _aनागार्जुन रचना संचयन
260 _bसाहित्‍य अकादेमी
_c2005
_aदिल्‍ली
350 _a150
650 _aLiteracture
_953777
942 _cHIN
_k800/NAG/L
_2ddc
999 _c18578
_d18578